000 03463cam a2200241 i 4500
001 991025407727607026
003 UkOxU
005 20250320164941.0
008 230623s2023 fr 000 f fre d
020 _a9782493213310
_qpaperback
035 _a(OCoLC)1395543115
035 _a(OCoLC)on1395543115
040 _aAUXAM
_beng
_erda
_cAUXAM
_dQGK
_dQGJ
_dC3L
_dERASP
_dFUG
_dOCLCO
_dUkOxU
050 4 _aPQ3919.3.L3513
_bQ46 2023
100 _aLambert, Kevin,
_d1992-
_eauthor.
245 1 0 _aQue notre joie demeure
_c/ Kevin Lambert.
264 1 _aParis :
_bLe Nouvel Attila,
_c[2023]
300 _a358 pages ;
_c20 cm
520 _aArchitecte millionnaire partie de rien, Céline Wachowski a sa série sur Netflix et des contrats dans le monde entier. Égérie de la modernité, elle est convaincue d’apporter de la beauté au monde. Mais voilà, son projet le plus ambitieux est stoppé net par une polémique : accusée de favoriser la gentrification, elle voit condamnées sa stratégie et ses méthodes de travail. En quelques jours, elle est renvoyée de sa propre entreprise, et amorce une traversée du désert qui l’amène à une méditation sur la culpabilité. Quand l’élite perd pied, quel récit conçoit-elle pour justifier ses privilèges et asseoir sa place dans un monde dont elle a elle-même établi les règles ? « Il faut rester attentifs aux rayons noirs qui parviennent du fond des âges et continuent d’obscurcir notre monde trop blanc, trop clair, Céline sait défendre la nécessité de l’opacité, c’est un réflexe naturel, presque vital chez elle. » Kevin Lambert a 30 ans, et a grandi à Chicoutimi, au Canada. Titulaire d’un doctorat en création littéraire, très impliqué dans la scène artistique québécoise, il a été libraire et participe aux revues Liberté et Spirale, ainsi qu’à plusieurs émissions de Radio-Canada. Que notre joie demeure confirme et amplifie la portée de Querelle, qui l’avait révélé au public en 2019 (lauréat du prix Sade, sélections Wepler et Médicis).
520 _aMillionaire Architect Who Started from Nothing, Céline Wachowski, Lands Her Own Netflix Series and Global Contracts. An icon of modernity, she is convinced she brings beauty to the world. However, her most ambitious project comes to an abrupt halt due to controversy: accused of fuelling gentrification, her strategy and working methods are condemned. Within days, she is ousted from her own company and embarks on a period of downfall, leading her to meditate on guilt. When the elite loses its footing, what narrative does it construct to justify its privileges and secure its place in a world it has itself shaped? "We must remain attentive to the dark rays emanating from the depths of time, continuing to obscure our world—too white, too bright. Céline knows how to defend the necessity of opacity; it is a natural, almost vital reflex for her." Kevin Lambert is 30 years old and grew up in Chicoutimi, Canada. Holding a doctorate in creative writing and deeply involved in Quebec’s artistic scene, he has worked as a bookseller and contributes to Liberté and Spirale magazines, as well as several Radio-Canada programmes. Que notre joie demeure confirms and amplifies the impact of Querelle, which brought him to public attention in 2019 (winner of the Prix Sade, shortlisted for the Wepler and Médicis prizes).
655 0 _aFrench novels
_923601
942 _2lcc
999 _c4548
_d4548